Kvantitatívní hodnocení výkonu hráčů a družstev ve volejbalu

Bibliographic Details
Main Author: Kaplan, Oldřich, 1933- (Author)
Format: Article
Language:Czech
PhysicalDescription:Tb. 3.
Subjects:

MARC

LEADER 00000nab a2200000 a 4500
001 vtls000115311
003 SK-MaSNL
005 20260303192649.0
008 160201c1982 xo 0 cze
015 |a SNBRB19rr/mm-uuuuu 
035 |a CL0125415 
040 |a SNKBUCL  |b slo  |c SNKBUCL  |e AACR2 
041 0 |a cze 
044 |a xo  |c SK 
080 |a 796.325  |2 1981 
100 1 |a Kaplan, Oldřich,  |d 1933-  |4 aut  |9 142751 
245 1 0 |a Kvantitatívní hodnocení výkonu hráčů a družstev ve volejbalu  |c Oldřich Kaplan 
300 |b Tb. 3. 
650 0 7 |a volejbal  |2 snkbucl  |9 3294 
655 7 |a články z novín a časopisov  |2 snkbucl  |9 267496 
773 0 |t Tréner  |g Roč. 26, č. 2 (1982), s. 60-63 
850 |a Slovenská národná knižnica v Martine  |a MTA001 
852 |a SNK  |b KIS3GCP 
958 |a RK 
958 |a CZ 
992 |a RBX 
999 |c 2147809  |d 2149739